Phonk Songs - Estadísticas

Estadísticas generales
  • Esta prueba ha sido intentada 10 veces
  • La puntuación promedio es 8 de 16
Estadísticas de respuestas
Imagen Respuesta % Correcto
Acelerada
75%
Montagem Xonada
75%
Dia Delicia
63%
Montagem Bailao
63%
Montagem Ladrao
63%
Montagem Tomada
63%
Murder in my Mind
63%
NEXT!
63%
Passo Bem Solto
63%
Vem Vem
50%
Mente Má
38%
Amor na Praia
25%
Esta Noche
25%
Funk Sigilo
25%
Matushka Ultrafunk
25%
Contigo Siempre
13%
No se encontraron pruebas coincidentes
Distribución de puntuación
Porcentaje de gente con cada puntuación
Porcentaje por número respondido
Historial de tus puntuaciones
No has intentado esta prueba.